000 00600nam a2200217Ia 4500
005 20221021095457.0
008 131103s9999 xx 000 0 und d
040 _aLoreto College
041 _aEnglish
082 _a155.24
_bSHA
100 _aShaffer , Laurance
245 _aPsychology of adjustment
_cLaurance Shaffer and E. J. Shoben
260 _aLondon
_bHoughton Mifflin
_c1956
300 _a672p
504 _aIncludes bibliographical references and index
650 _aPsychology
651 _aEducational Psychology
700 _aShoben, E. J.
850 _aLCLIB
942 _cBK
999 _c19330
_d69809